01802nam a2200445 a 4500001001000000003000900010005001700019007001000036008004100046020001500087040002200102092002500124100003400149245011400183250002100297260006600318300004900384490002900433500005200462500006500514533004100579650005300620650004000673651003700713651004000750651005100790651006300841651005900904700001900963910003900982930003301021942001201054945002701066952009201093956003901185956003901224956003901263956003901302999001501341000000752DO-SdBNP20170918101716.0000000752090429s2003 dr abc 000 0 spa d a9993488518 aBPMSUbspacBPMSU aR972.93bD446r, 20031 aDeschamps, Enriqued1872-193313aLa República Dominicana :bdirectorio y guía general /cEnrique Deschamps ; presentación Mariano Mella. a3a ed. facsím. aSanto Domingo :bSociedad Dominicana de Bibliófilos,c2003. a336,[118] p. :bil., mapa., retrs. ;c24 cm.0 aClásicos Bibliófilos aIncluye partitura del Himno Nacional Dominicano aIncluye en anexo mapa de la isla de Santo Domingo y Haití. aFacsím.bBarcelona, Españad1907 4aREPÚBLICA DOMINICANAxVIDA SOCIAL Y COSTUMBRES 4aMASONERÍAzREPÚBLICA DOMINICANA 4aREPÚBLICA DOMINICANAxHISTORIA 4aREPÚBLICA DOMINICANAvDIRECTORIOS 4aREPÚBLICA DOMINICANAxDESCRIPCIONES Y VIAJES 4aREPÚBLICA DOMINICANAxCONDICIONES ECONÓMICASxHISTORIA 4aREPÚBLICA DOMINICANAxCONDICIONES SOCIALESxHISTORIA12aMella, Mariano aValidado. Control de calidad BNPHU 1lBND01mLF1820090825f02pHD 2ddccBK aInventariado, 2017/MFF 00102ddc4070aBPMETbBPMETd2015-07-14l0pBPMSU15070207r2015-07-14w2015-07-14yBK aARIVERAb10c20100210lBND01h1434 aMMOLINAb40c20110418lBND01h0927 aMFILETOb40c20140701lBND01h0945 aVMATEOb10c20150712lBPMSUh00151 c7708d7708